000 00416nam a2200145Ia 4500
008 240729s9999 xx 000 0 und d
022 _a2068-2964
245 0 _aActa Universitatis Sapientiae: Agriculture and Environment
260 _aRomania
260 _bScientia Publishing House
650 _aAgriculture
856 _uhttps://doaj.org/toc/ff3420e5c3184cfe80609af9d33a2660
942 _2ddc
942 _cDOAJEJ
999 _c74608
_d74608
945 _a1
_bMadushi Gamage
_c1
_dMadushi Gamage